| 000 | 00729nam a22002297a 4500 | ||
|---|---|---|---|
| 999 |
_c7816 _d7816 |
||
| 003 | AR-CdUCM | ||
| 008 | 190321b ||||| |||| 00| 0 spa d | ||
| 040 |
_aMUNICIPALIDAD PROVINCIAL DEL CUSCO _cBIBLIOTECA MUNICIPAL DEL CUSCO |
||
| 082 |
_220ed. _a516 / _bR42 |
||
| 100 |
_aRepetto, Celina H. _922095 |
||
| 245 | _aGeometría / | ||
| 260 |
_aBuenos Aires : _bKapelusz ; _c1966. |
||
| 300 |
_a185 páginas ; _bFórmulas, gráficos, diagramas _c20cm |
||
| 440 |
_aMatemática Moderna _922096 |
||
| 505 | _aContenido: Geometría 1 y 2 | ||
| 650 |
_aGeometría _919405 |
||
| 650 |
_aMatemáticas _99398 |
||
| 700 |
_aLinskens, Marcela E. _922097 |
||
| 700 |
_aFesquet, Hilda B. _922098 |
||
| 942 |
_2ddc _cLIBROS |
||
| 945 | _anom | ||